Score 0/90 Timer 20:00
0 Plays Today
Length (km) Boundary % Correct
1214Portugal-Spain
97.6%
64Andorra-Spain
97.2%
360Ireland-United Kingdom
97.2%
3Italy-Vatican City
97.2%
784Austria-Germany
96.7%
68Denmark-Germany
96.7%
620Belgium-France
95.9%
1630Norway-Sweden
95.9%
60Andorra-France
95.5%
450Belgium-Netherlands
95.1%
4France-Monaco
95.1%
456Germany-Poland
95.1%
623France-Spain
94.7%
430Austria-Italy
94.3%
1313Finland-Russia
94.3%
586Finland-Sweden
94.3%
39Italy-San Marino
93.9%
282Albania-Greece
93.5%
815Czech Republic-Germany
93.5%
290Estonia-Russia
93.5%
451France-Germany
93.5%
488France-Italy
93.5%
959Belarus-Russia
92.7%
736Finland-Norway
92.7%
37Austria-Liechtenstein
92.3%
148Belgium-Luxembourg
92.3%
366Austria-Hungary
91.5%
740Italy-Switzerland
91.5%
217Latvia-Russia
91.5%
197Czech Republic-Slovakia
90.7%
Length (km) Boundary % Correct
267Estonia-Latvia
90.7%
73France-Luxembourg
90.7%
453Latvia-Lithuania
90.7%
577Germany-Netherlands
90.2%
41Liechtenstein-Switzerland
90.2%
605Belarus-Poland
89.4%
167Belgium-Germany
89.4%
199Italy-Slovenia
89.4%
227Lithuania-Russia
89.4%
1576Russia-Ukraine
89.4%
151Albania-Macedonia
89%
932Bosnia and Herzegovina-Croatia
89%
334Germany-Switzerland
89%
608Bulgaria-Romania
88.6%
615Czech Republic-Poland
88.6%
112Albania-Kosovo
88.2%
262Austria-Slovenia
87.8%
456Austria-Czech Republic
87.4%
455Croatia-Slovenia
87.4%
570France-Switzerland
87.4%
164Austria-Switzerland
87%
891Belarus-Ukraine
87%
206Greece-Turkey
87%
172Albania-Montenegro
86.6%
302Bosnia and Herzegovina-Serbia
85.8%
676Hungary-Slovakia
85.4%
502Belarus-Lithuania
84.6%
939Moldova-Ukraine
84.6%
196Norway-Russia
84.6%
246Greece-Macedonia
84.1%
Length (km) Boundary % Correct
90Austria-Slovakia
83.7%
225Bosnia and Herzegovina-Montenegro
83.7%
241Croatia-Serbia
83.7%
432Poland-Russia
82.5%
450Moldova-Romania
82.1%
352Kosovo-Serbia
81.7%
494Bulgaria-Greece
81.3%
138Germany-Luxembourg
80.5%
91Lithuania-Poland
80.5%
238Bulgaria-Turkey
80.1%
443Hungary-Romania
78.5%
79Kosovo-Montenegro
78.5%
420Poland-Slovakia
78.5%
148Bulgaria-Macedonia
76.4%
318Bulgaria-Serbia
76%
25Croatia-Montenegro
76%
428Poland-Ukraine
75.6%
141Belarus-Latvia
74.4%
102Hungary-Slovenia
74.4%
159Kosovo-Macedonia
73.2%
166Hungary-Serbia
72.4%
531Romania-Ukraine
70.3%
203Montenegro-Serbia
68.7%
329Croatia-Hungary
67.9%
103Hungary-Ukraine
66.7%
476Romania-Serbia
64.2%
240Macedonia-Serbia
59.3%
90Slovakia-Ukraine
53.3%
723Georgia-Russia
40.7%
284Azerbaijan-Russia
37.4%
Remove Ads.
Support Sporcle.
Get the best of Sporcle when you Go Orange. This ad-free experience offers more features, more stats, and more fun while also helping to support Sporcle. Thank you for becoming a member.

You're not logged in!

Compare scores with friends on all Sporcle quizzes.
OR
Log In

Show Comments

Extras

Top Quizzes Today


Score Distribution

Your Account Isn't Verified!

In order to create a playlist on Sporcle, you need to verify the email address you used during registration. Go to your Sporcle Settings to finish the process.

Report this User

Report this user for behavior that violates our Community Guidelines.

Details: